| 000 | 00514nam a2200205Ia 4500 | ||
|---|---|---|---|
| 005 | 20260429112204.0 | ||
| 008 | 260429s9999||||xx |||||||||||||| ||und|| | ||
| 020 | _a9788180940040 | ||
| 041 | _aEnglish | ||
| 082 |
_a572 _bVEE |
||
| 100 | _aVeerakumari, L. | ||
| 245 | 0 |
_aBiochemistry / _cL. Veerakumari |
|
| 250 | _a1st ed. | ||
| 260 |
_aChennai : _bMJP Publishers , _c2025. |
||
| 300 | _a364 p.; pbk | ||
| 650 | _a Life sciences | ||
| 650 | _a Molecular biology | ||
| 650 | _aBiochemistry | ||
| 942 | _cTB | ||
| 999 |
_c52804 _d52804 |
||